Norton anthology of English literature. 3V (Record no. 171561)

MARC details
000 -LEADER
fixed length control field 00401nam a2200157Ia 4500
008 - FIXED-LENGTH DATA ELEMENTS--GENERAL INFORMATION
fixed length control field 230917s9999||||xx |||||||||||||| ||und||
040 ## - CATALOGING SOURCE
-- 202750
Original cataloging agency VIVEKANANDA LIBRARY
041 ## - Language
-- English
082 ## - DDC NUMBER
Classification number 820.8 G82N(9)
100 ## - MAIN ENTRY--PERSONAL NAME
Personal name Greenblatt, Stephen, ed.
245 #0 - TITLE STATEMENT
Title Norton anthology of English literature. 3V
250 ## - EDITION STATEMENT
Edition statement 9th ed.
260 ## - PUBLICATION, DISTRIBUTION, ETC. (IMPRINT)
Place of publication, distribution, etc New York
Name of publisher, distributor, etc W W Norton
Date of publication, distribution, etc 2012
300 ## - PHYSICAL DESCRIPTION
Pages v. p.
942 ## - ADDED ENTRY ELEMENTS (KOHA)
Koha item type Books
Holdings
Withdrawn status Lost status Damaged status Not for loan Location (home branch) Sublocation or collection (holding branch) Date acquired Koha issues (times borrowed) Koha full call number Accession No. Koha date last seen Koha item type
        VIVEKANANDA LIBRARY VIVEKANANDA LIBRARY 25/09/2012   820.8 G82N(9) 321021 17/09/2023 Books
        VIVEKANANDA LIBRARY VIVEKANANDA LIBRARY 25/09/2012 2 820.8 G82N(9) 321022 04/12/2025 Books
        VIVEKANANDA LIBRARY VIVEKANANDA LIBRARY 25/09/2012   820.8 G82N(9) 321023 17/09/2023 Books
© Designed and Maintained by Vivekananda Library, MDU Rohtak